[Event "GER-ch TT BL2 Sued 200001"]
[Site "GER"]
[Date "2001.01.07"]
[Round "4.4"]
[White "Reich, Thomas"]
[Black "Herbrechtsmeier, Christof"]
[Result "0-1"]
[WhiteElo "2378"]
[BlackElo "2336"]
[PlyCount "86"]
[EventDate "2000.10.15"]
[EventType "team"]
[EventRounds "9"]
[EventCountry "GER"]
[Source "Fruth,M"]
[SourceDate "2003.05.15"]

1. e4 e5 2. Nf3 Nc6 3. Bc4 Nf6 4. d4 exd4 5. O-O Nxe4 6. Re1 d5 7. Bxd5 Qxd5 8.
Nc3 Qd8 9. Rxe4+ Be7 10. Nxd4 f5 11. Bh6 fxe4 12. Bxg7 Kf7 13. Bxh8 Qxh8 14.
Qh5+ Kf8 15. Nxc6 bxc6 16. Qh6+ Kf7 17. Qxc6 Rb8 18. Qxe4 Rxb2 19. Re1 Bb4 20.
Qf4+ Qf6 21. Qxc7+ Kg6 22. Nd5 Qd6 23. Nf4+ Kh6 24. Qxc8 Bxe1 25. Qh3+ Kg7 26.
Qg4+ Kf7 27. Qf5+ Ke8 28. Qc8+ Ke7 29. g3 Bd2 30. Nd3 Rb1+ 31. Kg2 Qd5+ 32. f3
Be3 33. Qc7+ Kf6 34. h4 Rg1+ 35. Kh2 Rd1 36. g4 Rxd3 37. cxd3 Qe5+ 38. Qxe5+
Kxe5 39. Kg3 Bf4+ 40. Kh3 h6 41. g5 h5 42. a4 a5 43. Kg2 Be3 0-1

[Event "CZE-ch TT 200001"]
[Site "CZE"]
[Date "2000.11.18"]
[Round "1"]
[White "Zvara, Petr"]
[Black "Berzinsh, Roland"]
[Result "1/2-1/2"]
[WhiteElo "2361"]
[BlackElo "2438"]
[PlyCount "166"]
[EventDate "2000.11.??"]
[EventType "team"]
[EventRounds "11"]
[EventCountry "CZE"]
[Source "Fruth,M"]
[SourceDate "2003.05.15"]

1. e4 e5 2. Bc4 Nf6 3. d4 exd4 4. Nf3 Nc6 5. O-O Nxe4 6. Re1 d5 7. Bxd5 Qxd5 8.
Nc3 Qh5 9. Nxe4 Be6 10. Bg5 Bd6 11. Bf6 Bxh2+ 12. Nxh2 Qxd1 13. Raxd1 gxf6 14.
Nxf6+ Kf8 15. g4 h5 16. g5 Rd8 17. Rd2 Kg7 18. f4 Ne7 19. Nf3 c5 20. Nh4 Ng6
21. Nxg6 Kxg6 22. Re5 b6 23. Rf2 Bxa2 24. Ne4 d3 25. f5+ Kg7 26. cxd3 Rxd3 27.
g6 Bd5 28. f6+ Kxg6 29. Rg2+ Kh6 30. Rgg5 Bxe4 31. Rxh5+ Kg6 32. Rxh8 Bf5 33.
Re7 Kxf6 34. Rxa7 Rd1+ 35. Kf2 Rd2+ 36. Ke3 Rxb2 37. Rb8 Rb3+ 38. Kf4 Rb4+ 39.
Ke3 b5 40. Rc7 Rb3+ 41. Kf4 Rb4+ 42. Ke3 c4 43. Rc5 Rb3+ 44. Kf4 Be6 45. Rbxb5
Rh3 46. Rb6 Rh1 47. Rbc6 Rh4+ 48. Ke3 Kg6 49. Rd6 Rh3+ 50. Kf4 Rh1 51. Ke3 Rh3+
52. Kf4 Kf6 53. Rdc6 Rh8 54. Ke3 Rh4 55. Rd6 Ke7 56. Rdc6 Rh3+ 57. Kf4 Rd3 58.
Rxc4 Bxc4 59. Rxc4 Rd1 60. Rc6 Kf8 61. Ra6 Kg7 62. Kg4 f6 63. Kf4 Kg6 64. Ra5
Rf1+ 65. Kg3 Rb1 66. Kg4 f5+ 67. Kf3 Rb3+ 68. Kf2 Rb4 69. Kg3 Kg5 70. Ra3 Rb1
71. Kf3 Rh1 72. Ra4 Rh3+ 73. Kg2 Rb3 74. Kf2 Rb5 75. Kg2 Kf6 76. Kf3 Ke5 77.
Kf2 Rb2+ 78. Kf3 Rb3+ 79. Kf2 Rh3 80. Ke2 Kf6 81. Kf2 Kg5 82. Kg2 Rd3 83. Kf2
Rd2+ 1/2-1/2

[Event "W-ch 25 sfin06"]
[Site "e-mail"]
[Date "2001.08.01"]
[Round "?"]
[White "Guizar, Clemente"]
[Black "Zidu, Jan"]
[Result "0-1"]
[WhiteElo "2374"]
[BlackElo "2349"]
[PlyCount "112"]
[EventDate "2001.??.??"]
[EventType "tourn (corr)"]
[EventRounds "11"]
[EventCategory "5"]
[Source "Fruth,M"]
[SourceDate "2003.05.15"]

1. e4 e5 2. Nf3 Nc6 3. d4 exd4 4. Bc4 Nf6 5. O-O Nxe4 6. Re1 d5 7. Bxd5 Qxd5 8.
Nc3 Qh5 9. Nxe4 Be6 10. Bg5 Bd6 11. Nxd6+ cxd6 12. Bh4 O-O 13. h3 Qc5 14. Ng5
Bf5 15. Ne4 Bxe4 16. Rxe4 Rae8 17. Rxe8 Rxe8 18. a3 Ne5 19. Bg3 Nc4 20. b4 Qd5
21. Qd3 f5 22. Qb3 b5 23. a4 a6 24. axb5 axb5 25. Bf4 Re6 26. f3 Ne3 27. Ra8+
Kf7 28. Ra7+ Kg6 29. Qd3 Qc4 30. Qxc4 bxc4 31. Bxe3 Rxe3 32. Ra6 Kf6 33. Rxd6+
Ke5 34. Rd7 Rc3 35. Re7+ Kf4 36. Rd7 Ke3 37. Re7+ Kd2 38. Rd7 d3 39. cxd3 Rxd3
40. Rxg7 c3 41. Rc7 c2 42. Kf2 f4 43. b5 c1=Q 44. Rxc1 Kxc1 45. b6 Rd2+ 46. Kg1
Rb2 47. b7 h5 48. b8=Q Rxb8 49. g4 fxg3 50. f4 h4 51. f5 Kd2 52. f6 Ke2 53. f7
Kf3 54. f8=Q+ Rxf8 55. Kf1 Re8 56. Kg1 Re1# 0-1

[Event "W-ch 25 sfin09"]
[Site "e-mail"]
[Date "2001.08.01"]
[Round "?"]
[White "Thomas, Roy"]
[Black "Yefremov, Yaakov"]
[Result "1/2-1/2"]
[WhiteElo "2387"]
[BlackElo "2503"]
[PlyCount "38"]
[EventDate "2001.??.??"]
[EventType "tourn (corr)"]
[EventRounds "11"]
[EventCategory "7"]
[Source "Fruth,M"]
[SourceDate "2003.05.15"]

1. e4 e5 2. Bc4 Nf6 3. d4 exd4 4. Nf3 Nc6 5. O-O Nxe4 6. Re1 d5 7. Bxd5 Qxd5 8.
Nc3 Qh5 9. Nxe4 Be6 10. Bg5 Bd6 11. Nxd6+ cxd6 12. Bf4 Qd5 13. c3 Rc8 14. b3
O-O 15. Nxd4 Nxd4 16. Qxd4 Qxd4 17. cxd4 d5 18. Rac1 Rxc1 19. Rxc1 Rc8 1/2-1/2

[Event "AUS-ch jun"]
[Site "Canberra"]
[Date "2001.01.18"]
[Round "7.1"]
[White "Smerdon, David"]
[Black "Zhao, Zong Yuan"]
[Result "1/2-1/2"]
[WhiteElo "2304"]
[BlackElo "2297"]
[PlyCount "37"]
[EventDate "2001.01.??"]
[EventType "swiss"]
[EventRounds "12"]
[EventCountry "AUS"]
[Source "Fruth,M"]
[SourceDate "2003.05.15"]

1. e4 e5 2. Nf3 Nc6 3. Bc4 Nf6 4. d4 exd4 5. O-O Nxe4 6. Re1 d5 7. Bxd5 Qxd5 8.
Nc3 Qh5 9. Nxe4 Be6 10. Bg5 Bd6 11. Nxd6+ cxd6 12. Bf4 Qd5 13. c3 Kd7 14. Qa4
Qc4 15. Qa3 Qc5 16. Qxc5 dxc5 17. cxd4 cxd4 18. Rad1 Rhd8 19. Nxd4 1/2-1/2

[Event "EU-ch 2"]
[Site "Ohrid"]
[Date "2001.06.05"]
[Round "5"]
[White "Gicov, Zoran"]
[Black "Dervishi, Erald"]
[Result "1-0"]
[WhiteElo "2257"]
[BlackElo "2491"]
[PlyCount "87"]
[EventDate "2001.06.01"]
[EventRounds "13"]
[EventCountry "FRM"]
[Source "Fruth,M"]
[SourceDate "2003.05.15"]

1. e4 e5 2. Nf3 Nc6 3. Bc4 Nf6 4. d4 exd4 5. O-O Nxe4 6. Re1 d5 7. Bxd5 Qxd5 8.
Nc3 Qa5 9. Nxe4 Be6 10. Neg5 O-O-O 11. Nxe6 fxe6 12. Rxe6 Bd6 13. Bg5 Rde8 14.
Qe1 Qxe1+ 15. Raxe1 Rxe6 16. Rxe6 Rf8 17. Re4 Rf5 18. Bd2 Rb5 19. b3 Rc5 20.
Ne1 b5 21. Kf1 Kd7 22. Ke2 Be7 23. Kd1 Bf6 24. Nd3 Rd5 25. Bb4 Nxb4 26. Nxb4
Rh5 27. h3 c5 28. Nd3 c4 29. Nf4 Rc5 30. Ne6 Rd5 31. Nf8+ Kc6 32. Nxh7 cxb3 33.
cxb3 Bd8 34. Kd2 Rh5 35. Nf8 Rf5 36. Ne6 Ba5+ 37. Ke2 d3+ 38. Kxd3 Rxf2 39. Re2
Rf7 40. Nd4+ Kc5 41. Re5+ Kd6 42. Rxb5 Bb6 43. Rg5 Bd8 44. Rxg7 1-0

[Event "Bagneux IT 9"]
[Site "Bagneux"]
[Date "2001.??.??"]
[Round "8"]
[White "Brochet, Philippe"]
[Black "Payen, Arnaud"]
[Result "1/2-1/2"]
[WhiteElo "2365"]
[BlackElo "2350"]
[PlyCount "84"]
[EventDate "2001.07.09"]
[EventType "tourn"]
[EventRounds "9"]
[EventCountry "FRA"]
[EventCategory "4"]
[Source "Fruth,M"]
[SourceDate "2003.05.15"]

1. e4 e5 2. Bc4 Nf6 3. d4 exd4 4. Nf3 Nc6 5. O-O Nxe4 6. Re1 d5 7. Bxd5 Qxd5 8.
Nc3 Qa5 9. Nxd4 Nxd4 10. Qxd4 Be6 11. Qxe4 O-O-O 12. Bf4 h5 13. Rab1 Bd6 14.
Bxd6 Rxd6 15. b4 Qg5 16. b5 Qg4 17. Qe3 Qd4 18. Ne4 Rd5 19. Qa3 Re5 20. c3 Qb6
21. c4 Qd4 22. b6 a6 23. Qf3 f5 24. Ng3 g6 25. bxc7 Rxe1+ 26. Rxe1 Qxc4 27. Qe3
Re8 28. Rc1 Qd5 29. Ne2 Re7 30. Nf4 Qe4 31. Qc3 Bf7 32. Qd2 Rxc7 33. Re1 Qc4
34. Qd6 Kb8 35. Nxg6 Ka7 36. Ne5 Qc3 37. Rf1 Bxa2 38. h4 Qc5 39. Qf6 Qc2 40.
Nf3 Bd5 41. Nd4 Qe4 42. Nb5+ axb5 1/2-1/2

[Event "American Continental 1st"]
[Site "Cali"]
[Date "2001.08.19"]
[Round "10"]
[White "Arias, Lemmys A"]
[Black "Mendoza, Rafael"]
[Result "1/2-1/2"]
[WhiteElo "2252"]
[BlackElo "2357"]
[PlyCount "55"]
[EventDate "2001.08.09"]
[EventType "swiss"]
[EventRounds "11"]
[EventCountry "COL"]
[Source "Fruth,M"]
[SourceDate "2003.05.15"]

1. e4 e5 2. Bc4 Nf6 3. d4 Nc6 4. Nf3 exd4 5. O-O Nxe4 6. Re1 d5 7. Bxd5 Qxd5 8.
Nc3 Qh5 9. Nxe4 Be6 10. Bg5 Bd6 11. Nxd6+ cxd6 12. Bf4 O-O 13. Nxd4 Qxd1 14.
Raxd1 Nxd4 15. Rxd4 Rfc8 16. Rd2 d5 17. Be5 Rc6 18. Bd4 f6 19. h3 Kf7 20. Re3
b5 21. Rde2 a5 22. a3 b4 23. axb4 axb4 24. Rb3 Rc4 25. c3 Ra4 26. Rd2 h5 27.
Rxb4 Raxb4 28. cxb4 1/2-1/2

[Event "ESP-ch TT Div 2"]
[Site "Vila Real"]
[Date "2001.08.15"]
[Round "3"]
[White "Blazquez Gomez, Juan Carlos"]
[Black "Garbisu de Goni, Unai"]
[Result "0-1"]
[WhiteElo "2269"]
[BlackElo "2414"]
[PlyCount "140"]
[EventDate "2001.08.13"]
[EventType "team"]
[EventRounds "7"]
[EventCountry "ESP"]
[Source "Fruth,M"]
[SourceDate "2003.05.15"]

1. e4 e5 2. Nf3 Nc6 3. Bc4 Nf6 4. d4 exd4 5. O-O Nxe4 6. Re1 d5 7. Bxd5 Qxd5 8.
Nc3 Qa5 9. Nxe4 Be6 10. Bd2 Qf5 11. Bg5 h6 12. Bh4 Bc5 13. b4 Bxb4 14. Nxd4 Qg6
15. Nxc6 Bxe1 16. Nd6+ Kf8 17. Ne5 Qh7 18. Ndxf7 Bc3 19. Nd8 Qf5 20. Nxe6+ Kg8
21. Qd7 Qxe5 22. Rd1 Kh7 23. Qd3+ Kg8 24. Qd7 Qh5 25. Bg3 Qf7 26. Nxc7 Qxd7 27.
Rxd7 Rc8 28. Nd5 Kh7 29. Rxb7 Rhd8 30. Nxc3 Rxc3 31. h3 Rd1+ 32. Kh2 Rd5 33.
Rxa7 Rxc2 34. h4 Rcc5 35. a3 Ra5 36. Rxa5 Rxa5 37. Bd6 h5 38. Bb4 Rd5 39. Kg3
Rd4 40. f3 Kg6 41. Bc5 Rc4 42. Bb4 Kf5 43. Be7 g6 44. Bb4 Ke6 45. Bf8 Kf5 46.
Bb4 Rc2 47. Be7 Ke5 48. Bd8 Ra2 49. Be7 Kd5 50. Kh3 Kd4 51. Kg3 Ke3 52. Bc5+
Kd3 53. Bd6 Rc2 54. Be7 Rc7 55. Bf6 Rc4 56. Kf2 Rf4 57. Be7 Rf7 58. Bc5 Rc7 59.
Bd6 Rc2+ 60. Kg3 Rc4 61. Be7 Ke2 62. Bf6 Kf1 63. Bd8 Rc2 64. a4 Rxg2+ 65. Kf4
Rd2 66. Bf6 Rd5 67. Bc3 Rc5 68. Be5 Kg2 69. Bd6 Rf5+ 70. Ke4 Ra5 0-1

[Event "Hamburg-ch"]
[Site "Hamburg"]
[Date "2002.05.25"]
[Round "8.13"]
[White "Engelbert, Christoph"]
[Black "Stephan, Axel"]
[Result "1/2-1/2"]
[WhiteElo "2269"]
[BlackElo "2311"]
[PlyCount "26"]
[EventDate "2002.05.18"]
[EventType "swiss"]
[EventRounds "9"]
[EventCountry "GER"]
[Source "Fruth,M"]
[SourceDate "2003.05.15"]

1. e4 e5 2. Nf3 Nc6 3. Bc4 Nf6 4. d4 exd4 5. O-O Nxe4 6. Re1 d5 7. Bxd5 Qxd5 8.
Nc3 Qa5 9. Nxe4 Be6 10. Neg5 O-O-O 11. Nxe6 fxe6 12. Rxe6 Bd6 13. Bg5 Rdf8 {(=)
} 1/2-1/2

[Event "AUS Masters IT"]
[Site "Melbourne"]
[Date "2002.07.02"]
[Round "2"]
[White "Gluzman, Mikhail"]
[Black "Levi, Eddy"]
[Result "1-0"]
[WhiteElo "2403"]
[BlackElo "2264"]
[PlyCount "101"]
[EventDate "2002.07.01"]
[EventType "tourn"]
[EventRounds "11"]
[EventCountry "AUS"]
[EventCategory "2"]
[Source "Fruth,M"]
[SourceDate "2003.05.15"]

1. e4 e5 2. d4 exd4 3. Nf3 Nc6 4. Bc4 Nf6 5. O-O Nxe4 6. Re1 d5 7. Bxd5 Qxd5 8.
Nc3 Qa5 9. Nxe4 Be6 10. Neg5 O-O-O 11. Nxe6 fxe6 12. Rxe6 Bd6 13. Bg5 Rdf8 14.
Qe2 h6 15. Bh4 Qd5 16. Qe4 Qxe4 17. Rxe4 Re8 18. Rae1 Kd7 19. Kf1 Rxe4 20. Rxe4
g5 21. Bg3 Bxg3 22. hxg3 Kd6 23. Ke1 Kd5 24. Re2 Rh7 25. Kd1 Re7 26. Rd2 Kc4
27. Rd3 g4 28. Nd2+ Kc5 29. Nb3+ Kc4 30. f3 Rg7 31. Nd2+ Kd5 32. c4+ Kc5 33.
Rb3 a6 34. Rxb7 gxf3 35. gxf3 Ne5 36. Rb8 d3 37. Rd8 Nd7 38. Ne4+ Kxc4 39. Kd2
Rf7 40. b3+ Kb4 41. f4 Ka3 42. Ra8 Kxa2 43. Kc3 Nb8 44. Rxb8 Kb1 45. Rd8 Re7
46. Nd2+ Kc1 47. Rxd3 Re6 48. Nc4 Re2 49. Ne3 Re1 50. f5 c5 51. f6 1-0

[Event "Kostrena IM IT"]
[Site "Kostrena"]
[Date "2002.??.??"]
[Round "11"]
[White "Jurkovic, Hrvoje"]
[Black "Zecevic, Dean"]
[Result "1-0"]
[WhiteElo "2395"]
[BlackElo "2305"]
[PlyCount "51"]
[EventDate "2002.08.30"]
[EventType "tourn"]
[EventRounds "11"]
[EventCountry "CRO"]
[EventCategory "4"]
[Source "Fruth,M"]
[SourceDate "2003.05.15"]

1. e4 e5 2. Nf3 Nc6 3. Bc4 Nf6 4. d4 exd4 5. O-O Nxe4 6. Re1 d5 7. Bxd5 Qxd5 8.
Nc3 Qa5 9. Nxe4 Be6 10. Bd2 Bb4 11. Nxd4 Nxd4 12. c3 Qf5 13. cxb4 O-O 14. Rc1
c6 15. Bg5 Nb5 16. h4 h6 17. Rc5 Bd5 18. Ng3 Qd7 19. Re7 Qd8 20. Bf6 Qd6 21.
Nh5 Be6 22. Qxd6 Nxd6 23. Bxg7 Rfd8 24. Bxh6 Nf5 25. Nf6+ Kh8 26. Rxf5 1-0

[Event "GER-ch TT Oberliga NO 200203"]
[Site "GER"]
[Date "2003.03.09"]
[Round "8.2"]
[White "Bilek, Michael"]
[Black "Czerwonski, Aleksander"]
[Result "1/2-1/2"]
[WhiteElo "2347"]
[BlackElo "2374"]
[PlyCount "21"]
[EventDate "2002.10.20"]
[EventType "team"]
[EventRounds "9"]
[EventCountry "GER"]
[Source "Fruth,M"]
[SourceDate "2003.05.15"]

1. e4 e5 2. Nf3 Nc6 3. d4 exd4 4. Bc4 Nf6 5. O-O Nxe4 6. Re1 d5 7. Bxd5 Qxd5 8.
Nc3 Qd8 9. Nxe4 Be6 10. Bg5 Be7 11. Bxe7 {(=)} 1/2-1/2

[Event "Aragon-chT"]
[Site "Zaragoza"]
[Date "1999.12.02"]
[Round "5"]
[White "Cid Royo, Jonathan"]
[Black "Baron Rodriguez, Jesus"]
[Result "0-1"]
[WhiteElo "2251"]
[BlackElo "2409"]
[PlyCount "100"]
[EventDate "1999.11.??"]
[EventType "team"]
[EventRounds "9"]
[EventCountry "ESP"]
[Source "ChessBase"]
[SourceDate "2000.01.11"]

1. e4 e5 2. Nf3 Nc6 3. Bc4 Nf6 4. d4 exd4 5. O-O Nxe4 6. Re1 d5 7. Bxd5 Qxd5 8.
Nc3 Qa5 9. Nxe4 Be6 10. Neg5 O-O-O 11. Nxe6 fxe6 12. Rxe6 Bd6 13. Bg5 Rde8 14.
Qe2 Kd7 15. Re1 Qxe1+ 16. Nxe1 Rxe6 17. Qg4 h5 18. Qh3 Ne5 19. Nd3 Nxd3 20.
cxd3 Rhe8 21. g3 g6 22. Qh4 c5 23. b4 Kc6 24. bxc5 Bxc5 25. Bf6 Rf8 26. Bg7 Rg8
27. Bf6 b5 28. Kf1 Rge8 29. g4 hxg4 30. Bg5 a5 31. Qxg4 a4 32. Qf3+ Kb6 33. Qd5
Rd6 34. Qf7 Rc8 35. h4 Rdc6 36. Qd7 b4 37. Be7 b3 38. axb3 axb3 39. Bxc5+ Kxc5
40. Qe7+ Kb5 41. Qe5+ Rc5 42. Qxd4 R8c6 43. Qg7 Rc1+ 44. Ke2 Kb4 45. f4 Ka3 46.
Qa7+ Kb2 47. d4 R6c3 48. d5 R1c2+ 49. Ke1 Kb1 50. d6 Rb2 0-1

[Event "Berlin-ch"]
[Site "Berlin"]
[Date "2004.04.13"]
[Round "5"]
[White "Dauth, Benjamin"]
[Black "Brener, Ilja"]
[Result "1-0"]
[WhiteElo "2281"]
[BlackElo "2263"]
[PlyCount "33"]
[EventDate "2004.04.09"]
[EventType "swiss"]
[EventRounds "9"]
[EventCountry "GER"]
[Source "ChessBase"]
[SourceDate "2004.05.04"]

1. e4 e5 2. Bc4 Nf6 3. d4 exd4 4. Nf3 Nc6 5. O-O Nxe4 6. Re1 d5 7. Bxd5 Qxd5 8.
Nc3 Qc4 9. Nd2 Qb4 10. Nd5 Qa5 11. c4 Bd6 12. Nxe4 O-O 13. Bd2 Qa6 14. Nef6+
gxf6 15. Nxf6+ Kg7 16. Qh5 Bf5 17. Bh6+ 1-0

[Event "Santa Monica"]
[Site "Santa Monica"]
[Date "2004.05.11"]
[Round "1"]
[White "Pruess, David"]
[Black "Stein, Alex"]
[Result "0-1"]
[WhiteElo "2376"]
[BlackElo "2316"]
[PlyCount "78"]
[EventDate "2004.05.11"]
[EventType "tourn"]
[EventRounds "9"]
[EventCountry "USA"]
[EventCategory "9"]
[Source "ChessBase"]
[SourceDate "2004.09.23"]

1. e4 e5 2. Nf3 Nc6 3. d4 exd4 4. Bc4 Nf6 5. O-O Nxe4 6. Re1 d5 7. Bxd5 Qxd5 8.
Nc3 Qa5 9. Nxe4 Be6 10. Bd2 Qf5 11. Bg5 h6 12. Qd3 Qa5 13. Bh4 g5 14. Nf6+ Ke7
15. Ng4 Bg7 16. Bg3 Rad8 17. Nfe5 Nxe5 18. Nxe5 Rhe8 19. Nc4 Qc5 20. b4 Qc6 21.
Na5 Qd5 22. h4 Kf8 23. hxg5 hxg5 24. Bxc7 Rc8 25. Qg3 b6 26. Nb3 Bd7 27. Rad1
Kg8 28. Rxe8+ Rxe8 29. c3 d3 30. Rxd3 Re1+ 31. Kh2 Qf5 32. Qh3 g4 33. Qh4 Qxd3
34. Qd8+ Re8 35. Qg5 Qf5 36. Qd2 Be5+ 37. Bxe5 Qxe5+ 38. g3 Qh5+ 39. Kg1 Bc6
0-1

[Event "Grenoble Masters"]
[Site "Grenoble"]
[Date "2004.06.23"]
[Round "7"]
[White "Aguettaz, Maxime"]
[Black "Verat, Laurent"]
[Result "1/2-1/2"]
[WhiteElo "2349"]
[BlackElo "2319"]
[PlyCount "23"]
[EventDate "2004.06.19"]
[EventType "tourn"]
[EventRounds "9"]
[EventCountry "FRA"]
[EventCategory "3"]
[Source "ChessBase"]
[SourceDate "2004.07.06"]

1. e4 e5 2. Nf3 Nc6 3. Bc4 Nf6 4. d4 exd4 5. O-O Nxe4 6. Re1 d5 7. Bxd5 Qxd5 8.
Nc3 Qa5 9. Nxe4 Be6 10. Bd2 Qh5 11. Bf4 Bd6 12. Nxd6+ 1/2-1/2

[Event "BEL-ch"]
[Site "Westerlo"]
[Date "2004.07.10"]
[Round "8"]
[White "Van Beers, Eddy"]
[Black "Dutreeuw, Marc"]
[Result "1/2-1/2"]
[WhiteElo "2406"]
[BlackElo "2344"]
[PlyCount "20"]
[EventDate "2004.07.03"]
[EventType "swiss"]
[EventRounds "9"]
[EventCountry "BEL"]
[Source "ChessBase"]
[SourceDate "2004.09.01"]

1. e4 e5 2. Nf3 Nc6 3. Bc4 Nf6 4. d4 exd4 5. O-O Nxe4 6. Re1 d5 7. Bxd5 Qxd5 8.
Nc3 Qa5 9. Nxe4 Be6 10. Bd2 Bb4 1/2-1/2

[Event "Balatonlelle op"]
[Site "Balatonlelle"]
[Date "2004.07.24"]
[Round "6"]
[White "Barczay, Laszlo"]
[Black "Pesztericz, Laszlo"]
[Result "1/2-1/2"]
[WhiteElo "2382"]
[BlackElo "2300"]
[PlyCount "26"]
[EventDate "2004.07.19"]
[EventType "swiss"]
[EventRounds "9"]
[EventCountry "HUN"]
[Source "ChessBase"]
[SourceDate "2004.09.01"]

1. e4 e5 2. Nf3 Nc6 3. Bc4 Nf6 4. d4 exd4 5. O-O Nxe4 6. Re1 d5 7. Bxd5 Qxd5 8.
Nc3 Qa5 9. Nxe4 Be6 10. Neg5 O-O-O 11. Nxe6 fxe6 12. Rxe6 Bd6 13. Bg5 Rde8
1/2-1/2

[Event "Serpukhov Lushki-B"]
[Site "Serpukhov"]
[Date "2004.11.24"]
[Round "8"]
[White "Papenin, Nikolai"]
[Black "Goltsov, Denis"]
[Result "0-1"]
[WhiteElo "2391"]
[BlackElo "2296"]
[PlyCount "48"]
[EventDate "2004.11.19"]
[EventType "tourn"]
[EventRounds "17"]
[EventCountry "RUS"]
[EventCategory "1"]
[Source "ChessBase"]
[SourceDate "2004.12.30"]

1. e4 e5 2. Nf3 Nc6 3. Bc4 Nf6 4. d4 exd4 5. O-O Nxe4 6. Re1 d5 7. Bxd5 Qxd5 8.
Nc3 Qa5 9. Nxe4 Be6 10. Neg5 O-O-O 11. Nxe6 fxe6 12. Rxe6 Bd6 13. Qe2 Qh5 14.
h3 Rde8 15. Bg5 Ne5 16. Rxe8+ Rxe8 17. Bd2 Nxf3+ 18. Qxf3 Qxf3 19. gxf3 Kd7 20.
c3 Bc5 21. c4 Re2 22. Rd1 d3 23. Be1 Rxb2 24. Rxd3+ Kc6 0-1

[Event "Brasilia Taca op 9th"]
[Site "Brasilia"]
[Date "2005.09.09"]
[Round "8"]
[White "Valle, Adriano"]
[Black "Marra, Eduardo da Costa"]
[Result "1/2-1/2"]
[WhiteElo "2270"]
[BlackElo "2262"]
[PlyCount "47"]
[EventDate "2005.09.04"]
[EventType "swiss"]
[EventRounds "11"]
[EventCountry "BRA"]
[Source "ChessBase"]
[SourceDate "2005.11.04"]

1. e4 e5 2. Nf3 Nc6 3. d4 exd4 4. Bc4 Nf6 5. O-O Nxe4 6. Re1 d5 7. Bxd5 Qxd5 8.
Nc3 Qa5 9. Nxe4 Be6 10. Bd2 Qf5 11. Bg5 Bb4 12. Nxd4 Nxd4 13. Qxd4 Bxe1 14.
Qxg7 Bxf2+ 15. Nxf2 Rf8 16. Re1 Qg6 17. Qe5 Rg8 18. Ne4 h6 19. Nf6+ Kf8 20.
Nh7+ Qxh7 21. Qc5+ Kg7 22. Qd4+ Kf8 23. Qb4+ Kg7 24. Qd4+ 1/2-1/2

[Event "ROM-ch"]
[Site "Baile Tusnad"]
[Date "2005.12.03"]
[Round "8"]
[White "Moraru, Marius"]
[Black "Danilov, Vladimir"]
[Result "1/2-1/2"]
[WhiteElo "2327"]
[BlackElo "2356"]
[PlyCount "23"]
[EventDate "2005.11.26"]
[EventType "swiss"]
[EventRounds "11"]
[EventCountry "ROM"]
[Source "ChessBase"]
[SourceDate "2006.01.03"]

1. e4 e5 2. Nf3 Nc6 3. d4 exd4 4. Bc4 Nf6 5. O-O Nxe4 6. Re1 d5 7. Bxd5 Qxd5 8.
Nc3 Qa5 9. Nxe4 Be6 10. Bd2 Bb4 11. Nxd4 Nxd4 12. c3 1/2-1/2

[Event "SCG-chT 4th"]
[Site "Vrnjacka Banja"]
[Date "2006.05.05"]
[Round "5"]
[White "Jovanovic, Sasa M"]
[Black "Sekulic, Dusan"]
[Result "1-0"]
[WhiteElo "2303"]
[BlackElo "2376"]
[PlyCount "77"]
[EventDate "2006.05.01"]
[EventType "team"]
[EventRounds "7"]
[EventCountry "YUG"]
[Source "ChessBase"]
[SourceDate "2006.07.14"]

1. e4 e5 2. Nf3 Nc6 3. d4 exd4 4. Bc4 Nf6 5. O-O Nxe4 6. Re1 d5 7. Bxd5 Qxd5 8.
Nc3 Qa5 9. Nxe4 Be6 10. Bd2 Qd5 11. Bg5 Be7 12. Bxe7 Kxe7 13. Qd2 Rad8 14. Nfg5
h6 15. Nh3 g5 16. f4 g4 17. Nhf2 f5 18. Ng3 h5 19. h4 gxh3 20. Nxh3 h4 21. Ng5
Rd6 22. Nh1 Rh6 23. Nf2 Kf8 24. Nd3 Bd7 25. Re2 Be8 26. Rf1 Bh5 27. Re5 Nxe5
28. fxe5 Rb6 29. Rxf5+ Kg8 30. Qf2 Qd8 31. Ne4 Bg6 32. Nf6+ Kg7 33. Rf4 Bxd3
34. cxd3 c5 35. b3 Qe7 36. Nd5 Qxe5 37. Rf7+ Kg6 38. Ne7+ Qxe7 39. Qf5# 1-0

[Event "GM"]
[Site "Beer Sheva ISR"]
[Date "2008.04.04"]
[Round "8"]
[White "Nabaty, T."]
[Black "Haimovich, T."]
[Result "1/2-1/2"]
[WhiteElo "2417"]
[BlackElo "2447"]
[PlyCount "77"]
[EventDate "2008.03.14"]
[SourceDate "1999.07.01"]

1. e4 e5 2. Nf3 Nc6 3. Bc4 Nf6 4. d4 exd4 5. O-O Nxe4 6. Re1 d5 7. Bxd5 Qxd5 8.
Nc3 Qa5 9. Nxe4 Be6 10. Neg5 O-O-O 11. Nxe6 fxe6 12. Rxe6 Bd6 13. Bg5 Rde8 14.
Qe1 Qxe1+ 15. Raxe1 Rxe6 16. Rxe6 Kd7 17. Re4 Re8 18. Rxe8 Kxe8 19. Kf1 Kd7 20.
Bd2 h6 21. Ke2 Ke6 22. Kd3 Kd5 23. c4+ dxc3 24. Bxc3 Ne5+ 25. Nxe5 Bxe5 26.
Bxe5 Kxe5 27. Kc4 Ke4 28. b4 a6 29. a4 g5 30. g4 b6 31. b5 a5 32. f3+ Ke5 33.
h3 Kd6 34. Kd4 c5+ 35. bxc6 Kxc6 36. f4 gxf4 37. h4 b5 38. axb5+ Kxb5 39. g5
1/2-1/2

[Event "1st Open"]
[Site "Gurgon IND"]
[Date "2009.01.22"]
[Round "3"]
[White "Tiwari, Ar"]
[Black "Shyam, SM."]
[Result "1/2-1/2"]
[WhiteElo "2256"]
[BlackElo "2426"]
[PlyCount "71"]
[EventDate "2009.01.21"]
[SourceDate "1999.07.01"]

1. e4 e5 2. Nf3 Nc6 3. d4 exd4 4. Bc4 Nf6 5. O-O Nxe4 6. Re1 d5 7. Bxd5 Qxd5 8.
Nc3 Qh5 9. Nxe4 Be6 10. Bg5 Bd6 11. Nxd6+ cxd6 12. Bf4 Qd5 13. c3 Rc8 14. Nxd4
Nxd4 15. Qxd4 Qxd4 16. cxd4 Kd7 17. d5 Bf5 18. Be3 a5 19. Bd4 f6 20. Rac1 Be4
21. Rcd1 Rhe8 22. a3 Bxd5 23. Rxe8 Rxe8 24. Bc3 Bb3 25. Re1 Ra8 26. Re3 a4 27.
Rh3 h6 28. Rg3 Rg8 29. Kf1 Bc4+ 30. Ke1 Re8+ 31. Re3 Rxe3+ 32. fxe3 Ke6 33. Kf2
g5 34. g4 Bb3 35. Kg3 Bd1 36. h4 1/2-1/2

[Event "XXVI Belgrade Trophy 2012"]
[Site "Belgrade SRB"]
[Date "2012.12.01"]
[Round "8.8"]
[White "Stankovic, Milo"]
[Black "Todorovic, GM."]
[Result "0-1"]
[WhiteElo "2359"]
[BlackElo "2479"]
[PlyCount "88"]
[EventDate "2012.11.24"]
[SourceDate "1999.07.01"]

1. e4 e5 2. Nf3 Nc6 3. Bc4 Nf6 4. d4 exd4 5. O-O Nxe4 6. Re1 d5 7. Bxd5 Qxd5 8.
Nc3 Qh5 9. Nxe4 Be6 10. Bg5 Bd6 11. Nxd6+ cxd6 12. Bf4 Qd5 13. c3 Rc8 14. Nxd4
Nxd4 15. Qxd4 Qxd4 16. cxd4 Kd7 17. Bd2 Rc2 18. Bc3 Kc6 19. Rac1 Rxc1 20. Rxc1
Bxa2 21. d5+ Kxd5 22. Bxg7 Re8 23. Bh6 Re2 24. Bg7 Bc4 25. g4 a5 26. Kg2 a4 27.
Kf3 Re8 28. Rd1+ Kc5 29. Rd2 b5 30. Bd4+ Kb4 31. Bg7 Kb3 32. Rxd6 Re2 33. Ra6
Rxb2 34. Bxb2 Kxb2 35. Ke3 a3 36. Kd4 Bb3 37. Ra7 Ba4 38. Re7 a2 39. Re1 b4 40.
Kc4 b3 41. Kb4 a1=Q 42. Re2+ Kb1 43. Re1+ Ka2 44. Re2+ b2 0-1